000 00429nam a2200169Ia 4500
008 230524s9999 xx 000 0 und d
020 _a9789380578453
082 _a620.0015154
_bRAM
100 _aG.Ramamurty
_942907
245 0 _aApplied Finite Element Analysis
250 _a2
260 _aNew Delhi
_b Ik International
_c2013
300 _a"XVII,439p;"
500 _aQuantity Number: 1
650 _aCivil
942 _cBK
999 _c57875
_d57875